Statistics for All Modern-Day Countries Ever Controlled by the British

Click here to take the quiz!

General Stats

  • This quiz has been taken 35,572 times
    (29,407 since last reset)
  • The average score is 106 of 124

Answers on the Map

Answers color-coded by a green-red scale on the quiz's map according to % correct below.
 

Answer Stats

Countries% Correct
Canada
99%
United States
99%
France
98%
India
98%
Ireland
98%
United Kingdom
98%
Australia
97%
Egypt
97%
Iceland
97%
Cuba
96%
South Africa
96%
Germany
95%
Iran
95%
Iraq
95%
Madagascar
95%
New Zealand
95%
Pakistan
95%
China
94%
Indonesia
94%
Japan
94%
Oman
94%
Sudan
94%
Yemen
94%
Afghanistan
93%
Israel
93%
Italy
93%
Libya
93%
Nepal
93%
Papua New Guinea
93%
Somalia
93%
Turkey
93%
Bangladesh
92%
Ethiopia
92%
Guyana
92%
South Sudan
92%
Sri Lanka
92%
United Arab Emirates
92%
Jordan
91%
Malaysia
91%
Myanmar
91%
Nigeria
91%
Suriname
91%
Syria
91%
Austria
90%
Bahamas
90%
Kenya
90%
Lesotho
90%
Bhutan
89%
Georgia
89%
Jamaica
89%
Qatar
89%
Saudi Arabia
89%
Zimbabwe
89%
Azerbaijan
88%
Belize
88%
Cyprus
88%
Eritrea
88%
Zambia
88%
Ghana
87%
Kuwait
87%
Lebanon
87%
Namibia
87%
Tanzania
87%
Botswana
86%
Panama
86%
Singapore
86%
Togo
86%
Uganda
86%
Armenia
85%
Belgium
85%
Croatia
85%
Eswatini
85%
Morocco
85%
Spain
85%
Turkmenistan
85%
Albania
84%
Argentina
84%
Bahrain
84%
Djibouti
84%
Fiji
84%
Philippines
84%
Haiti
83%
Maldives
83%
Malta
83%
Malawi
81%
Senegal
81%
Seychelles
81%
Cameroon
80%
Denmark
80%
Solomon Islands
80%
Trinidad and Tobago
80%
Greece
79%
Honduras
79%
Kiribati
79%
Nicaragua
79%
Saint Kitts and Nevis
79%
Saint Lucia
79%
Sierra Leone
79%
Uruguay
79%
Barbados
78%
Benin
78%
Brazil
78%
Gambia
78%
Mauritius
78%
Saint Vincent and the Grenadines
78%
Montenegro
77%
Samoa
77%
Tonga
77%
Tuvalu
77%
Vanuatu
77%
Antigua and Barbuda
76%
Nauru
76%
Mauritania
75%
Rwanda
75%
Grenada
74%
Vietnam
74%
Dominica
72%
Guinea-Bissau
72%
Netherlands
72%
Portugal
71%
Brunei
67%
Equatorial Guinea
65%
Venezuela
61%
Colombia
60%

Score Distribution

Percentile by Number Answered

Percent of People with Each Score

Your Score History

You have not taken this quiz since the last reset